Normal view
MARC view
- الثقافة الاسلامية- الاسلام
Entry Topical Term
001 - CONTROL NUMBER
- control field: 59540
003 - CONTROL NUMBER IDENTIFIER
- control field: JO-AjAnu
005 - DATE AND TIME OF LATEST TRANSACTION
- control field: 20230606083733.0
008 - FIXED-LENGTH DATA ELEMENTS
- fixed length control field: 230606|| aca||aabn | a|a d
040 ## - CATALOGING SOURCE
- Original cataloging agency: JO-AjAnu
- Transcribing agency: JO-AjAnu
150 ## - HEADING--TOPICAL TERM
- Topical term or geographic name entry element: الثقافة الاسلامية- الاسلام
670 ## - SOURCE DATA FOUND
- Source citation: Work cat.: (JO-AjAnu)30366: النجار، زغلول راغب, author 59539, نظرة الاسلام الى الإنسان والكون والحياة